Регионална библиотека "Любен Каравелов" - Русе

Вятърните мелници на боговете (Запис номер 64908)

MARC детайли
000 -Лидер
Контролно поле с фиксирана дължина 01336nam a2200337 c 4500
003 - Код на организацията, давaща контролен номер
Контролно поле BLK
005 - Дата и час на последна редакция
Контролно поле 20250505140159.0
008 - Елементи от данни с фиксирана дължина
fixed length control field 180408b bul|||||r ||||||| ||bul||
010 ## - Наследен системен номер
LC control number KNG00069180000
040 ## - Източник на каталожния запис
Идентификатор на билиотеката - собственик на записа BLK
041 ## - Код за език
Код за езика на текст/звукозапис или на отделно заглавие Български
Код за езика КДБФ Български
080 ## - УДК
Текстов определител УДК Американска литература (на САЩ)
УДК код - определител по УДК 821.111(73)
УДК определител -31
УДК - код + определител 821.111(73)-31
100 ## - Редна дума - Автор
Автор Шелдън, Сидни
Авторска отговорност първи автор
R(LIN) 243637
139 ## - Редно поле
Редна дума Шелдън, Сидни
Авторски знак Шел - Ш 51
245 10 - Сведения за заглавието
Заглавие Вятърните мелници на боговете
Подзаглавни данни Роман
Редно поле (дума) Сидни Шелдън; прев. от англ. Олга Дончева; прев. от англ. Зоя Любенова.
250 ## - Област на изданието
Сведения за изданието 3. изд.
257 ## - Страна на издаване
Страна на създаване/издаване Съединени американски щати
260 ## - Област на издателските данни
-- София
Име на издателя, разпространителя и проч. Бард
Година на издаване 2006
300 ## - Физическа характеристика
Страници 301 с.
Размери/Мащаб 20 см
380 ## - Жанр
Жанр Худож. лит.
500 ## - Общи забележки
Забележка 1. изд. 1993 на изд. Матекс. - Ориг. загл. Windmills of the Gods / Sidney Sheldon. - Офс. изд.
653 ## - Ключова дума – ненормативна
Ключова дума романи
700 1# - Други автори (авторска отговорност)
Лично име Дончева, Олга
Автороска отговорност (Описва отношението между автора и произведението) прев. от англ.
9 (RLIN) 363702
700 1# - Други автори (авторска отговорност)
Лично име Любенова, Зоя
Автороска отговорност (Описва отношението между автора и произведението) прев. от англ.
9 (RLIN) 247526
852 ## - Местоположение
Форматна сигнатура Цб 229901
856 4# - Електронен адрес и достъп
Електронен формат pdf - файл
Път до файла /url/
856 4# - Електронен адрес и достъп
Електронен формат pdf - файл
Път до файла /url/
942 ## - АРТИКУЛИ
Вид на библиотечния материал Книги
Скрит в OPAC Не
Koha issues (borrowed), all copies 31
944 ## - СЪЗДАВАНЕ И РЕДАКЦИЯ на ЗАПИСА
Създаване/Редакция Създаване
Дата на регистрацията/редакция 06.11.2006
Служител, извършил регистрацията/редакцията 30534
Статус, дата на статуса Радостина Карадакова
944 ## - СЪЗДАВАНЕ И РЕДАКЦИЯ на ЗАПИСА
Създаване/Редакция Редакция
Дата на регистрацията/редакция 07.11.2006
Служител, извършил регистрацията/редакцията
999 ## - СИСТЕМНИ КОНТРОЛНИ НОМЕРА
Koha biblionumber 64908
Koha biblioitemnumber 64908
Наличности
Код за отписване Код за изгубен артикул Код за повреда Коз за рестрикции Код за отдаване Артикулен № Име на библиотеката - собственик Име на библиотеката, в която се намира в момента Статус (Текущо местоположение) Дата на вписване в системата Местоположение - отдел Цена в лева Инвентарен номер Систематично азбучна сигнатура Баркод Номер на екземпляра Цена в евро Служебна бележка Служебен тип на артикула
  Не е изгубен Не е повреден без рестрикции заемане за дома 107129 Регионална библиотека "Любен Каравелов" Русе Регионална библиотека "Любен Каравелов" Русе Заемна - подръчен фонд 2006-11-07 Заемна - подръчен фонд 7.99 120000706445 П 820(73)-31/Ш 51 120000706445 1 4.09 Дост: Pk Вид: Ф N: 18 Дата: 07.11.2006 Дата инв: 12.02.2018 Бележки инв: П2018 Книги
Vip Innovations Ltd, Rousse, Bulgaria 2025